Literatura infantil : introducción en su problemática, su historia y su didáctica /

Guardado en:
Autor Principal: Moreno Verdulla, Antonio
Formato: Libro
Publicado: Cádiz : Universidad de Cádiz, 1998
Edición:2a. ed.
Materias:
Etiquetas: Agregar Etiqueta
Sin Etiquetas, Sea el primero en etiquetar este registro!
LEADER 01108nam a22002175a 4500
001 CEM.cems013267
005 20100224095015.0
008 130507s1998##################000#0#####d
003 CEMS
020 |a 8477865027 
082 0 4 |a 372.6 
100 1 |a Moreno Verdulla, Antonio 
245 1 0 |a Literatura infantil :  |b introducción en su problemática, su historia y su didáctica /  |c Antonio Moreno Verdulla 
250 |a 2a. ed. 
260 |a Cádiz :  |b Universidad de Cádiz,  |c 1998 
300 |a 244 p. 
505 0 |a La literatura infantil y su problemática -- Sobre las fuentes para el estudio de la literatura infantil -- El folclore en la escuela -- La poesía en la escuela -- La narración -- Principales narraciones y cuentos de la literatura infantil europea -- El teatro infantil -- La prensa infantil -- La biblioteca escolar y los otros medios para la actualización del profesor y para la enseñanza de la literatura 
653 |a Literatura infantil 
653 |a Literatura infantil-didáctica 
653 |a Didáctica-literatura infantil 
859 |a CEMS  |b BIB. CEMS - 11 de abril  |h 372.6  |i M815a2  |p 25765.10  |t Ej.1